| 000 | 00801nam a2200253Ia 4500 | ||
|---|---|---|---|
| 003 | OSt | ||
| 005 | 20220925215737.0 | ||
| 006 | a|||||r|||| 00| 0 | ||
| 007 | ta | ||
| 008 | 220923b |||||||| |||| 00| 0 eng d | ||
| 037 | _cGeneral Book | ||
| 040 |
_aRTL _cRTL _beng |
||
| 041 |
_2eng _aeng |
||
| 082 | _aB38:22, K6 | ||
| 100 |
_aKarlin Samuel _9233661 |
||
| 245 | 0 |
_aTchebycheff systems _b with applications in analysis and statistics |
|
| 260 |
_aLondon _bInterscience publishers _c1966 |
||
| 300 |
_axviii,586p. _ccm. |
||
| 490 | _aPure and Applied Mathematics Series ed by R Courant etc., 15 | ||
| 650 | _aReal Variable | ||
| 700 |
_a Studden William J _9283424 |
||
| 942 |
_hB38:22, K6 _cGB _2CC |
||
| 999 |
_c569550 _d569550 |
||